Guess the YouTuber - Statistics

General Stats
  • This quiz has been taken 53 times
  • The average score is 4 of 10
Answer Stats
Hint Answer % Correct
Is really rich and is called Jimmy MrBeast
90%
The pioneer of Minecraft speedrunning Dream
73%
Made the atrocious song "Thick of It" KSI
69%
"_____ Never dies! " He then died of cancer Technoblade
69%
Irish guy who swears a lot Jacksepticeye
44%
"IS THAT THE BITE OF 87?!" Is a famous quote he said Markiplier
44%
Makes little stickmen do things on computers Alan Becker
15%
Started the whole Object Show Community. Jacknjellify
4%
I'm running out of ideas... Makes really short videos about random stuff with lots of swearing and a mascot which looks like a broccoli Doobus Goobus
2%
A Roblox YouTuber who plays Blox Fruits and is one of the richest players in the game. Rektway
2%
No matching quizzes found
Score Distribution
Percent of People with Each Score
Percentile by Number Answered
Your Score History
You have not taken this quiz